000 00640nam a22002057a 4500
999 _c59352
_d59352
003 Ge_BSU
005 20230126164527.0
008 230126s2019 enk||||| |||| 00| 0 eng d
020 _a9781292393100
041 _aeng
080 _a811.111.1 D-94
100 _aDellar, Hugh
_916811
245 _aRoadmap B1+ :
_bStudents Book and interactive eBook /
_cHugh Dellar, Andrew Walkley.
264 _aHarlow,
_c2019.
300 _a176 p.:
_bill.;
_c30 sm.
653 _aინგლისური ენის კურსი
700 _aWalkley, Andrew
_eავტორი
_916812
773 _tნაჩუქარი
942 _2udc
_cBK